000
00310nam a22001337a 4500
008
180207b xxu||||| |||| 00| 0 eng d
020
_a
9780495382881
041
_a
eng
080
_2
11th
_a
51
100
_a
36
101
_a
MAT
245
_a
Precalculus functions and graphs
_c
Swokowski,E.W
942
_2
udc
_c
BK
999
_c
41997
_d
41997